[Event "Titled Tuesday intern op 08th Feb Late"]
[Site "Chess.com INT"]
[Date "2022.02.08"]
[Round "6"]
[White "Mladenovic, Stefan"]
[Black "Okike, David"]
[Result "1-0"]
[WhiteElo "2332"]
[BlackElo "2167"]
[PlyCount "131"]
[EventDate "2022.02.08"]
[EventType "swiss (blitz)"]
[EventRounds "11"]
[EventCountry "USA"]
[SourceTitle "CBM 206 Extra"]
[Source "ChessBase"]
[SourceDate "2022.03.31"]
[SourceVersion "1"]
[SourceVersionDate "2022.03.31"]
[SourceQuality "1"]

1. d4 Nf6 2. Nf3 e6 3. e3 c5 4. Bd3 d5 5. b3 Be7 6. 0-0 0-0 7. Bb2 Ne4 8. Nbd2 f5 9. dxc5 Nxc5 10. Be2 Ne4 11. c4 Bf6 12. Qc2 Nc6 13. a3 Nxd2 14. Qxd2 dxc4 15. Qxd8 Rxd8 16. Bxf6 gxf6 17. Bxc4 Na5 18. Rac1 Bd7 19. Rfd1 Kf7 20. Nd4 Nxc4 21. Rxc4 Rac8 22. Nxf5 exf5 23. Rxc8 Rxc8 24. Rxd7+ Ke6 25. Rd1 Rc3 26. Rb1 f4 27. exf4 Kf5 28. g3 Ke4 29. Kg2 Rc2 30. Re1+ Kf5 31. Re7 b6 32. Rxa7 h5 33. Rb7 Rc6 34. a4 Ke4 35. b4 Kd4 36. a5 bxa5 37. bxa5 Ra6 38. Rb5 h4 39. gxh4 Ke4 40. h5 Kxf4 41. h6 f5 42. h7 Rh6 43. a6 Rxh7 44. Rb7 Rh6 45. Rb4+ Ke5 46. Ra4 Rg6+ 47. Kf3 Rg8 48. a7 Ra8 49. h4 f4 50. h5 Kf5 51. h6 Kg6 52. Ra6+ Kh7 53. Kxf4 Rf8+ 54. Kg4 Ra8 55. Kh5 Kh8 56. f4 Kh7 57. f5 Kh8 58. Kg5 Rg8+ 59. Kf4 Ra8 60. Ke5 Kg8 61. Kd6 Kf7 62. Kc7 Kg8 63. Kb7 Rf8 64. a8Q Kh7 65. Qc8 Re8 66. Qd7+ 1-0

[Event "Titled Tuesday intern op 01st Feb-B"]
[Site "Chess.com INT"]
[Date "2022.02.02"]
[Round "1"]
[White "Mladenovic, Stefan"]
[Black "Gatterer, Florian"]
[Result "0-1"]
[WhiteElo "2332"]
[BlackElo "2179"]
[PlyCount "132"]
[EventDate "2022.02.02"]
[EventType "swiss (blitz)"]
[EventRounds "11"]
[EventCountry "USA"]
[SourceTitle "CBM 206 Extra"]
[Source "ChessBase"]
[SourceDate "2022.03.31"]
[SourceVersion "1"]
[SourceVersionDate "2022.03.31"]
[SourceQuality "1"]

1. d4 Nf6 2. Nf3 d5 3. c4 c6 4. e3 a6 5. b3 Bg4 6. Bd3 e6 7. 0-0 Nbd7 8. Bb2 Bb4 9. h3 Bh5 10. a3 Ba5 11. b4 Bc7 12. Nbd2 0-0 13. Qc2 Re8 14. Ne5 Bg6 15. f4 Bxd3 16. Qxd3 Nxe5 17. fxe5 Nd7 18. e4 Nb6 19. exd5 cxd5 20. c5 Nd7 21. Rf4 f6 22. Rh4 f5 23. Rf4 g6 24. Raf1 b6 25. g4 Nf8 26. Bc1 bxc5 27. bxc5 Qd7 28. Nf3 Qb5 29. Qe3 Bd8 30. gxf5 exf5 31. h4 Ne6 32. Ng5 Bxg5 33. hxg5 Nxf4 34. Qxf4 Qd3 35. Rf3 Qd1+ 36. Kg2 Rab8 37. e6 Rb3 38. Rxb3 Qxb3 39. Qe5 Qc2+ 40. Kh3 Qe4 41. Bf4 Qxe5 42. Bxe5 Rxe6 43. Kg3 Kf7 44. Kf2 Ke8 45. Ke2 Kd7 46. Kd3 Kc6 47. Kc3 Re7 48. Kb4 Rb7+ 49. Ka5 Rf7 50. Bf4 Rb7 51. Kxa6 Rb3 52. a4 Rb4 53. a5 Rxd4 54. Bd6 f4 55. Ka7 f3 56. Bg3 Rd2 57. a6 f2 58. Bxf2 Rxf2 59. Kb8 Ra2 60. a7 Rxa7 61. Kxa7 d4 62. Ka6 d3 63. Ka5 d2 64. Kb4 d1Q 65. Kc4 Qd5+ 66. Kb4 Qxc5+ 0-1

[Event "Titled Tuesday intern op 01st Feb-B"]
[Site "Chess.com INT"]
[Date "2022.02.02"]
[Round "4"]
[White "Mladenovic, Stefan"]
[Black "Ibarra Jerez, Jose Carlos"]
[Result "0-1"]
[WhiteElo "2332"]
[BlackElo "2570"]
[PlyCount "78"]
[EventDate "2022.02.02"]
[EventType "swiss (blitz)"]
[EventRounds "11"]
[EventCountry "USA"]
[SourceTitle "CBM 206 Extra"]
[Source "ChessBase"]
[SourceDate "2022.03.31"]
[SourceVersion "1"]
[SourceVersionDate "2022.03.31"]
[SourceQuality "1"]

1. d4 Nf6 2. Nf3 g6 3. Bf4 Bg7 4. e3 0-0 5. Be2 d6 6. 0-0 c5 7. c3 Be6 8. Nbd2 Qb6 9. Ng5 Bd7 10. Nc4 Qc7 11. a4 h6 12. Nf3 Nh5 13. Bg3 Nxg3 14. hxg3 Nc6 15. Re1 d5 16. Na3 cxd4 17. exd4 a6 18. Bd3 e6 19. Qe2 Rab8 20. g4 Qf4 21. Ne5 Nxe5 22. dxe5 Bxa4 23. g3 Qg5 24. f4 Qe7 25. f5 exf5 26. gxf5 Qg5 27. f6 Qxg3+ 28. Kh1 Bxf6 29. exf6 Rfe8 30. Qd2 Qh3+ 31. Kg1 Qg3+ 32. Kh1 Bc6 33. Rxe8+ Rxe8 34. Bf1 Re5 35. Bg2 d4 36. Rd1 Rg5 37. Re1 Bxg2+ 38. Kg1 Bf3+ 39. Kf1 Qg1# 0-1

[Event "Titled Tuesday intern op 01st Feb-B"]
[Site "Chess.com INT"]
[Date "2022.02.02"]
[Round "5"]
[White "Mladenovic, Stefan"]
[Black "Tomiello, Mateus Costamilan"]
[Result "1-0"]
[WhiteElo "2332"]
[BlackElo "2004"]
[PlyCount "89"]
[EventDate "2022.02.02"]
[EventType "swiss (blitz)"]
[EventRounds "11"]
[EventCountry "USA"]
[SourceTitle "CBM 206 Extra"]
[Source "ChessBase"]
[SourceDate "2022.03.31"]
[SourceVersion "1"]
[SourceVersionDate "2022.03.31"]
[SourceQuality "1"]

1. d4 d5 2. Bf4 Nf6 3. e3 c5 4. Nf3 Nc6 5. Nbd2 Bg4 6. c3 e6 7. Bb5 Qb6 8. Qa4 a6 9. Bxc6+ Qxc6 10. Qxc6+ bxc6 11. Ne5 cxd4 12. exd4 c5 13. Nxg4 Nxg4 14. dxc5 Bxc5 15. 0-0 0-0 16. h3 Nf6 17. Nb3 Bb6 18. Be5 Ne4 19. Bd4 Rab8 20. f3 Nd6 21. Rad1 Bxd4+ 22. Rxd4 Nc4 23. Rf2 a5 24. Kh2 a4 25. Nc5 Rxb2 26. Rxb2 Nxb2 27. Rb4 Nd1 28. Nxa4 Rc8 29. Rb1 Ne3 30. Nb6 Rb8 31. Rb4 Nc2 32. Rb3 d4 33. cxd4 Nxd4 34. Rb2 g5 35. a4 Nc6 36. Kg3 Kg7 37. f4 h6 38. fxg5 hxg5 39. Kf3 Ne5+ 40. Ke4 Nd7 41. Nc4 Rc8 42. Kd4 f6 43. Rb7 e5+ 44. Kd3 Rd8 45. Nb6 1-0

[Event "Titled Tuesday intern op 01st Feb-B"]
[Site "Chess.com INT"]
[Date "2022.02.02"]
[Round "7"]
[White "Mladenovic, Stefan"]
[Black "Urazayev, Arystanbek"]
[Result "0-1"]
[WhiteElo "2332"]
[BlackElo "2438"]
[PlyCount "84"]
[EventDate "2022.02.02"]
[EventType "swiss (blitz)"]
[EventRounds "11"]
[EventCountry "USA"]
[SourceTitle "CBM 206 Extra"]
[Source "ChessBase"]
[SourceDate "2022.03.31"]
[SourceVersion "1"]
[SourceVersionDate "2022.03.31"]
[SourceQuality "1"]

1. d4 d5 2. c4 e6 3. Nc3 Nf6 4. Bg5 c6 5. e3 Nbd7 6. Nf3 h6 7. Bh4 g5 8. Bg3 Nh5 9. cxd5 exd5 10. Bd3 Nxg3 11. hxg3 Bg7 12. Qc2 Nb6 13. Rb1 Be6 14. b4 a6 15. a4 0-0 16. b5 cxb5 17. axb5 a5 18. Na4 Rc8 19. Nc5 Nd7 20. Nxe6 fxe6 21. Qa2 b6 22. Qe2 g4 23. Nh2 h5 24. Nxg4 hxg4 25. Qxg4 Qf6 26. f4 Kf7 27. f5 e5 28. Qf3 e4 29. Bxe4 dxe4 30. Qxe4 Qd6 31. Qg4 Rh8 32. Rxh8 Rxh8 33. Kf2 Rh6 34. Rc1 Nf6 35. Qf3 Qd5 36. Rc7+ Kg8 37. g4 Ne4+ 38. Kg1 Bxd4 39. Rc8+ Kf7 40. Rc7+ Ke8 41. Rc6 Bxe3+ 42. Qxe3 Qd1+ 0-1

[Event "Titled Tuesday intern op 01st Feb-A"]
[Site "Chess.com INT"]
[Date "2022.02.01"]
[Round "6"]
[White "Mladenovic, Stefan"]
[Black "Grischuk, Alexander"]
[Result "0-1"]
[WhiteElo "2332"]
[BlackElo "2764"]
[PlyCount "84"]
[EventDate "2022.02.01"]
[EventType "swiss (blitz)"]
[EventRounds "11"]
[EventCountry "USA"]
[SourceTitle "CBM 206 Extra"]
[Source "ChessBase"]
[SourceDate "2022.03.31"]
[SourceVersion "1"]
[SourceVersionDate "2022.03.31"]
[SourceQuality "1"]

1. d4 Nf6 2. Nf3 g6 3. Bf4 Bg7 4. e3 0-0 5. Be2 c5 6. c3 d6 7. 0-0 Nh5 8. Bg5 h6 9. Bh4 g5 10. Nfd2 cxd4 11. cxd4 Nf4 12. Bg3 Nxe2+ 13. Qxe2 Qb6 14. Nc4 Qa6 15. Qc2 Be6 16. Nca3 Nd7 17. Nc3 Rac8 18. Qd2 Nf6 19. f4 Nh5 20. Bf2 f5 21. fxg5 hxg5 22. e4 f4 23. Rae1 Bf7 24. e5 dxe5 25. dxe5 Rfd8 26. Qe2 Qxe2 27. Rxe2 a6 28. Ne4 g4 29. Bh4 Rc7 30. Nf2 Be6 31. Bg5 b5 32. b3 Rd5 33. h3 Ng3 34. Ree1 Nxf1 35. Kxf1 Rxe5 36. Bxf4 Rxe1+ 37. Kxe1 Rc1+ 38. Bxc1 g3 39. Ne4 Be5 40. Kf1 Bf5 41. Ng5 Bd3+ 42. Ke1 Bd6 0-1

[Event "Titled Tuesday intern op 01st Feb-A"]
[Site "Chess.com INT"]
[Date "2022.02.01"]
[Round "7"]
[White "Mladenovic, Stefan"]
[Black "Visakh, Narayanan Rajeswari"]
[Result "1-0"]
[WhiteElo "2332"]
[BlackElo "2522"]
[PlyCount "49"]
[EventDate "2022.02.01"]
[EventType "swiss (blitz)"]
[EventRounds "11"]
[EventCountry "USA"]
[SourceTitle "CBM 206 Extra"]
[Source "ChessBase"]
[SourceDate "2022.03.31"]
[SourceVersion "1"]
[SourceVersionDate "2022.03.31"]
[SourceQuality "1"]

1. d4 Nf6 2. Nf3 c5 3. d5 e6 4. c4 exd5 5. cxd5 d6 6. Nc3 g6 7. h3 Bg7 8. Bf4 0-0 9. e3 b6 10. Be2 Ba6 11. 0-0 Re8 12. Nd2 Bxe2 13. Qxe2 a6 14. a4 Nh5 15. Bh2 f5 16. Nc4 f4 17. Qf3 Ra7 18. exf4 Rf7 19. Ne4 Bf8 20. Ng5 Qxg5 21. fxg5 Rxf3 22. gxf3 Nd7 23. Rfe1 Re7 24. Nxd6 Rg7 25. Re8 1-0